| 000 | 00337nam a2200145 a 4500 | ||
|---|---|---|---|
| 001 | 756 | ||
| 003 | CDMR | ||
| 005 | 20130116135157.0 | ||
| 008 | 130130s1968||||||||||||||||||||||||||||d | ||
| 040 |
_aCDMR _bcat _cCDMR |
||
| 100 | 1 |
_aSadoul, Georges _9585 |
|
| 245 | 1 | 0 | _aDictionnaire des cinéastes |
| 260 |
_aParis _c1968 _bDu Seuil |
||
| 942 | _cMON | ||
| 999 |
_c756 _d756 |
||